000 00722cab a2200241 4500
001 WB3209-32
008 090401t1996 xxu||||| |||| 00| 0 eng d
035 _a(Sirsi) u40289
041 _aeng
245 _aLatent damage time bars
260 _c1996
350 _a0
490 _aEstates Gazette
_v(9608) 24 February 1996, 139(1)
520 _aLooks at the application of the Limitation Act 1980 in "Campbell v Meacocks" and "Wilson v Le Fevre Wood & Royle Independent".
650 _aCAMPBELL V MEACOCKS
650 _aLATENT DAMAGE
650 _aLIMITATION ACT 1980
650 _aTIME BARS
650 _aWILSON V LE FEVRE WOOD AND ROYLE INDEPENDENT
690 _aLAW
942 _n0
948 _c04/03/1997
999 _c25811
_d25811